[Event "TUR-ch U13/18"]
[Site "Antalya"]
[Date "2023.01.23"]
[Round "3"]
[White "Durucay, Uygar"]
[Black "Koyuncu, Omer Arda"]
[Result "1-0"]
[WhiteElo "1926"]
[BlackElo "1627"]
[PlyCount "111"]
[EventDate "2023.01.17"]
[EventType "swiss"]
[EventRounds "10"]
[EventCountry "TUR"]
[SourceTitle "EXT 2024"]
[Source "ChessBase"]
[SourceDate "2023.10.10"]
[SourceVersion "1"]
[SourceVersionDate "2023.10.10"]
[SourceQuality "1"]

1. d4 Nf6 2. Nf3 g6 3. Bg5 Bg7 4. Nbd2 d6 5. c3 0-0 6. e4 Nbd7 7. Bd3 c6 8. 0-0 Qc7 9. Qc2 e5 10. dxe5 dxe5 11. b4 h6 12. Bh4 Nh5 13. Rfe1 Nf4 14. Bf1 g5 15. Bg3 Ng6 16. Nc4 Nb6 17. Ne3 f6 18. a4 Be6 19. a5 Nc8 20. Bc4 Bxc4 21. Nxc4 Nd6 22. Nxd6 Qxd6 23. Nd2 h5 24. f3 h4 25. Bf2 Rfd8 26. Nc4 Qe6 27. Ne3 Nf4 28. Rad1 Bf8 29. g3 Nh3+ 30. Kg2 Nxf2 31. Qxf2 h3+ 32. Kh1 Qb3 33. Qc2 Qxc2 34. Nxc2 c5 35. b5 b6 36. a6 c4 37. Ne3 Rd3 38. Rxd3 cxd3 39. Rd1 Bc5 40. Nd5 Kf7 41. Rxd3 Rd8 42. Rd1 Rc8 43. Rf1 Ke6 44. Rb1 f5 45. Rf1 g4 46. c4 fxe4 47. fxe4 Be7 48. Ne3 Bg5 49. Nxg4 Rxc4 50. Nf2 Rc1 51. Rxc1 Bxc1 52. Nxh3 Kd6 53. Nf2 Kc5 54. Nd3+ Kxb5 55. Nxc1 Kxa6 56. h4 1-0

[Event "EU-ch U12 30th"]
[Site "Antalya"]
[Date "2022.11.14"]
[Round "9"]
[White "Koyuncu, Omer Arda"]
[Black "Kuru, Atilla"]
[Result "1/2-1/2"]
[WhiteElo "1545"]
[BlackElo "1855"]
[PlyCount "51"]
[EventDate "2022.11.06"]
[EventType "swiss"]
[EventRounds "9"]
[EventCountry "TUR"]
[SourceTitle "EXT 2024"]
[Source "ChessBase"]
[SourceDate "2023.10.10"]
[SourceVersion "1"]
[SourceVersionDate "2023.10.10"]
[SourceQuality "1"]

1. d4 Nf6 2. c4 e6 3. Nc3 d5 4. cxd5 exd5 5. Bg5 c6 6. e3 Be7 7. Bd3 Nbd7 8. Nge2 0-0 9. Qc2 h6 10. Bh4 Re8 11. 0-0 b6 12. a3 c5 13. dxc5 bxc5 14. Rfd1 Nb6 15. Rac1 Bb7 16. Bb5 Nfd7 17. Bxe7 Rxe7 18. b4 cxb4 19. axb4 a6 20. Bd3 Ne5 21. Nd4 Nxd3 22. Qxd3 Nc4 23. Qe2 Qb6 24. Nf5 Ree8 25. Nxd5 Bxd5 26. Rxd5 1/2-1/2

[Event "EU-ch U12 30th"]
[Site "Antalya"]
[Date "2022.11.13"]
[Round "8"]
[White "Koyuncu, Omer Arda"]
[Black "Sava, Robert Gabriel"]
[Result "0-1"]
[WhiteElo "1545"]
[BlackElo "1898"]
[PlyCount "82"]
[EventDate "2022.11.06"]
[EventType "swiss"]
[EventRounds "9"]
[EventCountry "TUR"]
[SourceTitle "EXT 2024"]
[Source "ChessBase"]
[SourceDate "2023.10.10"]
[SourceVersion "1"]
[SourceVersionDate "2023.10.10"]
[SourceQuality "1"]

1. d4 Nf6 2. c4 e6 3. Nc3 Bb4 4. Qc2 b6 5. e4 c5 6. d5 d6 7. Bd3 0-0 8. Nge2 Nbd7 9. 0-0 Ne5 10. Bg5 h6 11. Bh4 g5 12. Bg3 Nxd3 13. Qxd3 Bxc3 14. Nxc3 exd5 15. a3 Nh5 16. Qe2 Ng7 17. b4 f5 18. f3 f4 19. Bf2 h5 20. bxc5 bxc5 21. Rab1 g4 22. Kh1 Qg5 23. Nb5 Qd8 24. Qe1 a6 25. Bh4 Qd7 26. Nc3 Qc7 27. Na4 Bd7 28. Nb6 Rab8 29. Nxd7 Qxd7 30. Qe2 gxf3 31. Qxf3 Rb7 32. Qd3 Rfb8 33. h3 a5 34. Kh2 a4 35. Rxb7 Qxb7 36. Rf3 Qb2 37. Rf2 Qd4 38. Qxd4 cxd4 39. Be7 Ne8 40. c5 dxc5 41. Bxc5 Rb3 0-1